00295 2200133 4500001002100000005001500021035002000036245004300056300000800099260002200107082000800129084001200137990001200149INLIS00000000000216220250527115205 a0010-0525000454 aBagaimana Seandainya /cMarshall Brain a148 bPakar Raya,c2003 a100 a100 BAG a0713247